000 00731cab a22002055a 4500
001 L144390
008 080715e20080712xxkao f s 000 0 eng d
035 _a(Sirsi) u144390
041 0 _aeng
100 1 _aHarris, David
245 0 0 _aEG
_bhealthcare
260 _c2008
490 _aEstates Gazette
_v(0827) 12 July 2008, 75-89(7)
520 _aHealthcare section looks at Lord Darzi's 2007 review of healthcare; provision of public healthcare facilities and an insight into the efforts made by extra-care schemes to gain wider recognition for their work.
590 _aKA
651 4 _aUnited Kingdom
_y
690 _aPROPERTY-OTHER PROPERTY TYPES-HEALTHCARE AND WELFARE PROPERTY
700 1 _aOsborne, Helen
942 _n0
999 _c80448
_d80448